000 00447nam a2200205Ia 4500
001 13002
003 GE_BSU
008 181216s||||||||xx |||||||||||||| ||und||
020 _a9780099445289
040 _cGE_BSU
080 _a821.111-3
100 _aDavis,Lindsey.
245 _aSee delphi and die.
260 _aLondon.
260 _bArrow Books.
260 _c2005
300 _a354p;18cm.
653 _aSee delphi and die.
942 _cBK
999 _c46170
_d46170